Sementes de país novo (Registo nº 31841)

Detalhes MARC
000 -Etiqueta do registo
campo de controlo de comprimento fixo 005350000a22001930004500
001 - Identificador do registo
Campo de controlo 31841
010 ## - ISBN
Número (ISBN) 972-9035-76-8
100 ## - Dados Gerais de Proc.
Dados gerais de processamento 20130604d2001 m y0pory5003 ba
101 0# - Língua da publicação
Língua do texto, banda sonora, etc. Português
102 ## - País de Publicação
País de publicação Portugal
200 1# - Título
Título próprio Sementes de país novo
Informação de outro título poemas
Primeira menção de responsabilidade João Gomes
210 ## - Publicação, Distribuição
Lugar da edição, distribuição, etc. Lisboa
Nome do editor, distribuidor, etc. Multinova
Data da publicação, distribuição, etc. 2001
215 ## - Descrição física
Descrição física 112 p
225 2# - Colecção
Título próprio da colecção Palavras de honra
675 ## - CDU
Notação 821.134.3-1
Edição BN
Língua da edição Português
700 #1 - Responsabilidade principal
Palavra de ordem Gomes
Outra parte do nome João
090 ## - Números de controlo do sistema (Koha)
Número biblioitem do Koha (gerado automaticamente) 31841
942 ## - Elementos de entrada adicionados (Koha)
Tipo de item no Koha Monografias
Suprimido Disponível no OPAC
999 ## - Campo local
Campo local 31841
-- Bibliobase - BMTAV
-- 2019-01-21
Exemplares
Removido (estado) Perdido (estado) Data de aquisição Origem do registo (biblioteca) (codificado) Código da organização que empresta ou é detentora (biblioteca) Código de barras Local Número de inventário Cota Tipo de circulação (não pode ser emprestado) Tipo de item e material
Disponível Disponível 2013-06-04 Biblioteca Municipal Álvaro de Campos Biblioteca Municipal Álvaro de Campos BMTAV50391 Sala de Adultos 50391 R9 GOM Normal Monografias